1559 1154 1126 1673 1130 1726 1948 1064 1916 1953 1342 1420 1280 1525 1872 1195 1000 1101 1493 1525 1217 1099 1343 1279 1450 1916 1626 1349 1725 1052 1289 1027 1599 1416 1904 1715 1191 1284 1979 1793 1796 1219 1044 1327 1443 1366 1629 1021 1523 1319 1378 1547 1848 1104 1394 1253 1606 1611 1040 1420 1318 1216 1181 1174 1674 1130 1526 1622 1508 1199 1623 1092 1925 1880 1641 1449 1087 1906 1903 1973 1573 1629 1781 1473 1976 1192 1124 1827 1988 1014 1005 1587 1129 1361 1572 1608 1437 1244 1487 BCNSPRNW ULIB Ver.6.0+V

เปลี่ยนเป็นภาษาไทย

Change to English
 แสดงรายละเอียดบรรณานุกรม
  กลับหน้าหลัก

Brief Record : Get Marc (ISO 2709) : E-mail record : QR code < ปิดหน้าต่าง
LEADER : 00000nam 2200000uu 4500
001    13399112417
003     ULIB
008    110627s2553||||th 000 0 tha d
020    9786167030623(ล.1)
090    นว.^bห686ส ล.1 2553
100 0  เหมันต์
245 00 สงครามชีวิต โอชิน เล่ม 1/^cเหมันต์
250    พิมพ์ครั้งที่ 1
260    กรุงเทพฯ :^bอนิเมทกรุ๊ป,^c2553
300    240 หน้า
710 1  อนิเมทกรุ๊ป
945    ^p150^l0^i028030
995    ทศพร
999 ^a ใช้งานได้ทุกระบบ
รายการนี้ยังไม่มีแท็ก
คุณยังไม่ได้ล็อกอิน คุณสามารถมีกิจกรรมร่วมกับเว็บไซต์ได้ แต่ต้องล็อกอินก่อน ::
  ล็อกอิน

รายการสื่อสารสนเทศ

ลำดับที่ ประเภท เลขเรียก/บาร์โค้ด สถานที่ สถานะ
- ไม่พบข้อมูล -

รายการใกล้เคียง
    ผู้แต่ง [เหมันต์]

BibComment


ยังไม่เคยถูกคอมเมนท์

คอมเมนท์ทรัพยากรรายการนี้
  คอมเมนท์: สงครามชีวิต โอชิน..


 Copyright 2026. Bcnsprnw @Library